000 00845nas a2200277 4500
001 BR9406296
003 BR-BrBNA
005 20231205093642.0
007 ta
008 230509b bl.|||p| |||| 00| 00por d
040 _aBR-BrBNA
_bpor
_cBiblioteca Nacional de Agricultura
041 _a(Pt)
072 _aF04
100 1 _aPinheiro, S.L.G.
100 1 _aLanzer, E.A.
100 1 _aNuernberg, N.J.
245 1 _aRecomendacoes economicas para a calagem e adubacao fosfatada da alfafa no planalto catarinense
650 _aAlfafa
650 _aCalagem
650 _aFertilizante Fosfatado
650 _aAdubacao
650 _aSanta Catarina
773 0 _tPesquisa Agropecuaria Brasileira (Brazil)
_xISSN 0100-204x
_g(Oct 1993), v. 28(10) p. 1109-1119
_wBR9406296
909 _a202311
_bLúcia
_c55
_dLúcia Elande
942 _2AGRIS
_n0
_cANA
999 _c139687
_d139687